000 00832nam a2200229Ia 4500
003 GCL
005 20240530102109.0
008 140319s9999 xx 000 0 ara d
040 _aGCL /
_cGCL
082 0 4 _a364.1522
_bع ا
100 1 _aعبدالحكيم العفيفى
245 1 0 _aالاكتئاب والانتحار :
_bدراسة اجتماعية تحليلية /
_cعبدالحكيم العفيفى
260 _aالقاهرة :
_bالدار المصرية اللبنانية ،
_c1990
300 _a189 ص ؛
_b24 سم
490 _aدراسات اجتماعية تحليلية
_v0
650 0 4 _aالاضطرابات النفسية
650 0 4 _aالعلاج النفسى
650 0 4 _aالانتحار
650 0 4 _aالاكتئاب
650 0 4 _aمصر - الاحوال الاجتماعية
942 _2ddc
_cBK
999 _c29794
_d29794